000 00434nam a2200145Ia 4500
005 20240515042953.0
008 240331s9999 xx 000 0 und d
082 _bSRI
_a333
245 0 _aSri Lanka's plantations in the 90's :
_bthe thatched patio special issue,Vol..4 No..3-May/June 1991
260 _aColombo
_bInternational Centre for Ethnic Studies
_c1991
300 _a83 p .,
650 _aPolitical
650 _aLaw
942 _cL
999 _c2748
_d2748